00722 2200229 4500001002100000005001500021035002000036007000300056008004100059020001800100082001100118084001700129100001800146245003400164250001900198260003500217500018100252650002600433856001700459990000800476990000800484INLIS00000000000020220220222083203 a0010-0222000080ta220222 g 0 ind  a9789796623129 a297.36 a297.36 KHA b0 aKhabib Basori1 aBimbingan salat jumat lengkap aCetakan ke - 2 aKlaten :bCempaka Putih,c2009 aAzan salat jumat sesungguhnya merupakan ajakan untuk meraih berbagai kemuliaan. sebab, seseorang yang beribadah pada hari itu akan mendapatkan ganjaran pahala yang sangat besar 4aHari-hari Besar Islam aKoleksi Umum a750 a751